Primera parte de Guzmán de Alfareche / (Record no. 21873)

MARC details
000 -LEADER
campo de control de longitud fija 00672nam a2200205 i 4500
001 - NÚMERO DE CONTROL
campo de control 21873
003 - IDENTIFICADOR DE NÚMERO DE CONTROL
campo de control ES-MaACL
005 - FECHA Y HORA DE LA ÚLTIMA TRANSACCIÓN
campo de control 20231204171248.0
007 - CAMPO FIJO DE DESCRIPCIÓN FÍSICA--INFORMACIÓN GENERAL
campo de control de longitud fija t|
008 - DATOS DE LONGITUD FIJA--INFORMACIÓN GENERAL
campo de control de longitud fija 021128s1913 sp ||||1| spa d
100 1# - ENTRADA PRINCIPAL--NOMBRE DE PERSONA
Nombre de persona Alemán, Mateo.
9 (RLIN) 19715
245 10 - MENCIÓN DEL TÍTULO
Título Primera parte de Guzmán de Alfareche /
Mención de responsabilidad, etc. compuesta por Mateo Alemán ; edición transcrita y revisada por Julio Cejador.
260 ## - PUBLICACIÓN, DISTRIBUCIÓN, ETC.
Lugar de publicación, distribución, etc. Madrid :
Nombre del editor, distribuidor, etc. Renacimiento,
Fecha de publicación, distribución, etc. [1913]
300 ## - DESCRIPCIÓN FÍSICA
Extensión 375 p. ;
Dimensiones 18 cm.
490 1# - MENCIÓN DE SERIE
Mención de serie Biblioteca renacimiento
700 1# - ENTRADA AGREGADA--NOMBRE PERSONAL
Nombre de persona Cejador y Frauca, Julio,
Fechas asociadas al nombre 1864-1927
9 (RLIN) 37333
830 0# - PUNTO DE ACCESO ADICIONAL DE SERIE-TÍTULO UNIFORME
Título uniforme Biblioteca renacimiento
9 (RLIN) 176448
852 ## - LOCALIZACIÓN
Ubicación ES-MaACL
Número de control de estantería G-490
Holdings
Estatus retirado Estado de pérdida Estado de daño No para préstamo Biblioteca de origen Biblioteca actual Ubicación en estantería Fecha de adquisición Fuente de adquisición Total de préstamos Signatura topográfica completa Código de barras Visto por última vez Precio de reemplazo Tipo de ítem Koha
        Biblioteca del Ateneo de Madrid Biblioteca del Ateneo de Madrid Depósito 2 17/01/2008     G-490 1022480 23/02/2023 23/02/2023 Libro impreso